The new silk roads : (Record no. 591700)

000 -LEADER
fixed length control field 00362nam a22001217a 4500
020 ## - INTERNATIONAL STANDARD BOOK NUMBER
International Standard Book Number 9781526609618
082 ## - DEWEY DECIMAL CLASSIFICATION NUMBER
Classification number 330.95
Author Mark FRA
100 ## - MAIN ENTRY--PERSONAL NAME
Personal name Frankopan, Peter
245 ## - TITLE STATEMENT
Title The new silk roads :
Remainder of title the present and future of the world /
Statement of responsibility, etc. Peter Frankopan
260 ## - PUBLICATION, DISTRIBUTION, ETC.
Place of publication, distribution, etc. London :
Name of publisher, distributor, etc. Bloomsbury Publishing,
Date of publication, distribution, etc. 2018.
300 ## - PHYSICAL DESCRIPTION
Extent 313 p. ;
Dimensions 20 cm.
942 ## - ADDED ENTRY ELEMENTS (KOHA)
Source of classification or shelving scheme
Koha item type Book
Holdings
Withdrawn status Lost status Source of classification or shelving scheme Damaged status Not for loan Permanent Location Current Location Shelving location Date acquired Source of acquisition Total Checkouts Total Renewals Full call number Barcode Date last seen Price effective from Koha item type
          Central Library (CL) Central Library (CL) Chinese Studies 10/11/2022 Donated by China Embassy   1 330.95 FRA CL-D-1960 01/27/2024 10/11/2022 Book
© 2023 Central Library, National University of Sciences and Technology. All Rights Reserved.